Score 0/7 Timer 03:00
1 Play Today
Question Answer Wrong Answers
This gum company is founded in Chicago, IL.
1891
Wrigley
94.7%
Lotte
1.1%
Perfetti
1.6%
Cadbury
1.5%
Germany becomes the first country to adopt this as their Morse code distress signal.
1905
SOS
89.8%
HELP
0.6%
CQD
1.5%
MAYDAY
6.2%
This US President signs the Public Health Cigarette Smoking Act, which banned cigarette advertising on American radio and TV.
1970
Richard Nixon
69.2%
Ronald Reagan
6.3%
Jimmy Carter
12.3%
Gerald Ford
9.3%
This European country becomes the first country in the world to legalize same-sex marriage.
2001
Netherlands
61.3%
Denmark
30.8%
Poland
1.5%
Germany
3%
Cincinnati becomes the first US city to employ full-time _____.
1853
Firefighters
58.9%
Police officers
25.1%
Mail carriers
11.6%
Paramedics
4.3%
This email service is first released in beta form.
2004
Gmail
48%
Yahoo!
9%
Hotmail
13%
AOL
26.3%
This video streaming website announces Snoopavision, a new way to watch in 360.
2016
YouTube
45.4%
Netflix
17.1%
Vimeo
23.9%
Vine
9.7%
Remove Ads.
Support Sporcle.
Get the best of Sporcle when you Go Orange. This ad-free experience offers more features, more stats, and more fun while also helping to support Sporcle. Thank you for becoming a member.

You're not logged in!

Compare scores with friends on all Sporcle quizzes.
OR
Log In

Show Comments

Extras

Top Quizzes Today


Score Distribution

Your Account Isn't Verified!

In order to create a playlist on Sporcle, you need to verify the email address you used during registration. Go to your Sporcle Settings to finish the process.

Report this User

Report this user for behavior that violates our Community Guidelines.

Details: